<The> Climate Casino Risk, Uncertainty, and Economics for a Warming World

Salvato in:
Dettagli Bibliografici
Autore principale: Nordhaus, William D.
Natura: Libro
Lingua:inglese
Pubblicazione: New Haven Yale University Press 2013
Soggetti:
Tags: Aggiungi Tag
Nessun Tag, puoi essere il primo ad aggiungerne!!

MARC

LEADER 00000nam a2200000 4500
001 0248882
005 20240306140222.2
020 |a 978-0-300-21264-8 
041 0 |a eng 
044 |a US 
245 1 0 |a <The> Climate Casino  |b Risk, Uncertainty, and Economics for a Warming World  |c William Nordhaus 
264 1 |a New Haven  |b Yale University Press  |c 2013 
300 |a 378 s. 
610 2 0 |a zmeny klimatické 
610 2 0 |a dôsledky sociálne 
610 2 0 |a populácia 
610 2 0 |a riziko 
610 2 0 |a prostredie životné 
610 2 0 |a farmy 
610 2 0 |a zdravie 
610 2 0 |a pohromy živelné 
610 2 0 |a emisie 
610 2 0 |a opatrenia 
610 2 0 |a prognózy 
610 2 0 |a spolupráca medzinárodná 
610 2 0 |a technológie nové 
610 2 0 |a klimatológia 
100 1 |a Nordhaus, William D.